Statystyki dla W jakim europejskim państwie ginie najwięcej ludzi na autostradach

Kliknij tutaj aby rozwiązać quiz!

Ogólne statystyki

  • Ten quiz został rozwiązany 69 razy
  • Średni wynik to 8 z 10

Statystyki odpowiedzi

L.p.Ograniczenie prędkościKraj% Poprawnych
9.140Polska
100%
10.-Niemcy
98%
3.130Wlochy
84%
5.130Czechy
82%
6.130Słowacja
81%
4.130Rumunia
79%
1.130Bułgaria
76%
2.120Belgia
74%
7.130Słowenia
69%
8.130Luksemburg
32%

Rozkład punktacji

Percentyl według liczby udzielonych odpowiedzi

Procent ludzi z każdym wynikiem

Twoja historia wyników

Nie rozwiązałeś tego quizu